Nicene Creed Quiz Stats

Quiz Updated Jun 23, 2016

Challenge
Share
Tweet
Embed
Score 0/223 Timer 06:00
4 Plays Today
% Correct
the
97.9%
the
97.9%
the
97.9%
the
97.9%
the
97.9%
the
97.9%
the
97.9%
the
97.9%
the
97.9%
the
97.9%
the
97.9%
the
97.9%
the
97.9%
the
97.9%
the
97.9%
the
97.9%
the
97.9%
the
97.9%
the
97.9%
the
97.9%
the
97.9%
the
97.9%
the
97.9%
the
97.9%
I
97.7%
I
97.7%
I
97.7%
I
97.7%
I
97.7%
I
97.7%
and
96.2%
and
96.2%
and
96.2%
and
96.2%
and
96.2%
and
96.2%
and
96.2%
and
96.2%
and
96.2%
and
96.2%
and
96.2%
and
96.2%
and
96.2%
and
96.2%
and
96.2%
and
96.2%
in
94.8%
in
94.8%
in
94.8%
in
94.8%
in
94.8%
in
94.8%
God,
94.7%
God,
94.7%
God
94.7%
God,
94.7%
God
94.7%
God,
94.7%
Father
92.4%
Father
92.4%
Father.
92.4%
Father.
92.4%
Father
92.4%
Father
92.4%
believe
92.4%
believe
92.4%
believe
92.4%
believe
92.4%
of
92.3%
of
92.3%
of
92.3%
of
92.3%
of
92.3%
of
92.3%
of
92.3%
% Correct
of
92.3%
of
92.3%
of
92.3%
on
91.3%
he
90.3%
he
90.3%
he
90.3%
He
90.3%
He
90.3%
heaven
88.9%
Heaven,
88.9%
Heaven,
88.9%
one
88.2%
one
88.2%
one
88.2%
one
88.2%
Son
88.2%
Son,
88.2%
Son
88.2%
earth,
87.1%
Holy
86.2%
Holy
86.2%
holy
86.2%
Jesus
82.7%
maker
80.5%
almighty,
80.2%
Spirit,
79.9%
Spirit,
79.9%
Christ,
79.1%
all
78.1%
all
78.1%
all
78.1%
Lord
76.1%
Lord,
76.1%
Only
75%
Begotten
73.2%
begotten,
73.2%
from
72.2%
from
72.2%
from
72.2%
from
72.2%
from
72.2%
For
70.9%
for
70.9%
For
70.9%
for
70.9%
things
70.1%
things
70.1%
no
67.4%
true
67%
true
67%
to
66.5%
to
66.5%
to
66.5%
made,
65.8%
made.
65.8%
was
65.4%
was
65.4%
was
65.4%
with
65.4%
with
65.4%
with
65.4%
Mary,
63.7%
not
63.5%
Church.
63%
is
62.3%
is
62.3%
Light
62.1%
Light,
62.1%
our
61.8%
our
61.8%
dead
61.7%
dead,
61.7%
born
60.8%
again
60.8%
% Correct
again
60.8%
Virgin
60.7%
day,
60.3%
visible
59.9%
invisible.
59.6%
come
59.6%
come.
59.6%
third
59.2%
catholic
59.1%
will
58.2%
will
58.2%
rose
58%
life,
57.2%
life
57.2%
crucified
57%
right
56.1%
who
56.1%
who
56.1%
who
56.1%
hand
55.4%
buried,
55.2%
living
54.1%
were
54.1%
him
53.6%
at
53.3%
Through
53.1%
through
53.1%
judge
52.2%
apostolic
52.2%
his
52%
sins
51.8%
Amen.
51.3%
came
51%
Pilate,
50.9%
Pontius
50.8%
suffered
50.1%
down
49.8%
seated
49.3%
under
49.2%
man.
49.1%
into
48.2%
us
47.8%
ascended
46.9%
glory
46.6%
salvation,
45.6%
giver
45.1%
by
44.6%
kingdom
44%
Scriptures.
43.9%
end.
43.8%
have
43.7%
death
43.3%
before
42.8%
world
42.8%
forgiveness
42.7%
consubstantial
42.2%
accordance
41.6%
men
41.2%
became
40.7%
ages.
40.3%
sake
40%
resurrection
37.8%
baptism
37.7%
glorified,
36.8%
incarnate
34.1%
proceeds
32.6%
look
30.5%
prophets.
29.8%
has
28.3%
forward
28.2%
spoken
26.7%
adored
26.3%
confess
25.8%

You're not logged in!

Compare scores with friends on all Sporcle quizzes.
Sign Up with Email
OR
Log In

You Might Also Like...

Show Comments

Extras

Top Quizzes Today


Score Distribution

Your Account Isn't Verified!

In order to create a playlist on Sporcle, you need to verify the email address you used during registration. Go to your Sporcle Settings to finish the process.